| 000 | 00613nam a2200229Ia 4500 | ||
|---|---|---|---|
| 001 | dia_2323 | ||
| 003 | CHAP | ||
| 005 | 20230509091118.0 | ||
| 008 | 220117s1974 xx 000 0 und d | ||
| 010 | _a172845 | ||
| 040 | _cCHAP | ||
| 082 | _a658 P3 | ||
| 100 |
_aPfiffner, John M. _9152582 |
||
| 245 |
_aOrganización Administrativa / _c por John M. Pfiffner |
||
| 260 |
_aMéxico : _b Herrero Hns., _c1974 |
||
| 300 | _a602 p. | ||
| 650 |
_a1.Administración. _9146957 |
||
| 901 | _a658 P3 | ||
| 902 | _aM | ||
| 905 | _a0000001974 MEXX 0000000000ESP00 | ||
| 942 |
_cLIBRO _2ddc |
||
| 999 |
_c172845 _d172845 |
||